Polish Country Names - Statistics

General Stats
  • This quiz has been taken 56 times
  • The average score is 13 of 14
Answer Stats
Name in Polish Name in English % Correct
Afganistan Afghanistan
100%
Algieria Algeria
100%
Andora Andorra
100%
Argentyna Argentina
100%
Azerbejdżan Azerbaijan
100%
Bahamy Bahamas
100%
Bahrajn Bahrain
100%
Bangladesz Bangladesh
100%
Białoruś Belarus
100%
Boliwia Bolivia
100%
Bośnia i Hercegowina Bosnia and Herzegovina
100%
Brazylia Brazil
100%
Bułgaria Bulgaria
100%
Kambodża Cambodia
100%
Kamerun Cameroon
100%
Czad Chad
100%
Kolumbia Colombia
100%
Komory Comoros
100%
Kostaryka Costa Rica
100%
Chorwacja Croatia
100%
Kuba Cuba
100%
Czechy Czech Republic
100%
Dania Denmark
100%
Dżibuti Djibouti
100%
Dominika Dominica
100%
Republika Dominikańska Dominican Republic
100%
Ekwador Ecuador
100%
Egipt Egypt
100%
Etiopia Ethiopia
100%
Finlandia Finland
100%
Francja France
100%
Niemcy Germany
100%
Grecja Greece
100%
Gwatemala Guatemala
100%
Gwinea Guinea
100%
Islandia Iceland
100%
Indie India
100%
Indonezja Indonesia
100%
Irak Iraq
100%
Irlandia Ireland
100%
Izrael Israel
100%
Jamajka Jamaica
100%
Japonia Japan
100%
Jordania Jordan
100%
Kazachstan Kazakhstan
100%
Kosowo Kosovo
100%
Kirgistan Kyrgyzstan
100%
Liban Lebanon
100%
Libia Libya
100%
Litwa Lithuania
100%
Luksemburg Luxembourg
100%
Madagaskar Madagascar
100%
Malezja Malaysia
100%
Malediwy Maldives
100%
Wyspy Marshalla Marshall Islands
100%
Mauretania Mauritania
100%
Monako Monaco
100%
Mozambik Mozambique
100%
Niderlandy Netherlands
100%
Nowa Zelandia New Zealand
100%
Korea Północna North Korea
100%
Macedonia Północna North Macedonia
100%
Norwegia Norway
100%
Papua-Nowa Gwinea Papua New Guinea
100%
Filipiny Philippines
100%
Polska Poland
100%
Katar Qatar
100%
Republika Konga Republic of the Congo
100%
Rosja Russia
100%
Święta Łucja Saint Lucia
100%
Singapur Singapore
100%
Słowacja Slovakia
100%
Somali Somalia
100%
Republika Południowej Afryki South Africa
100%
Korea Południowa South Korea
100%
Hiszpania Spain
100%
Szwecja Sweden
100%
Szwajcaria Switzerland
100%
Tajwan Taiwan
100%
Tadżykistan Tajikistan
100%
Tajlandia Thailand
100%
Trynidad i Tobago Trinidad and Tobago
100%
Tunezja Tunisia
100%
Turcji Turkey
100%
Ukraina Ukraine
100%
Emiraty Arabskie United Arab Emirates
100%
Zjednoczone Królestwo United Kingdom
100%
Stany Zjednoczone United States
100%
Urugwaj Uruguay
100%
Watykan Vatican City
100%
Wenezuela Venezuela
100%
Wietnam Vietnam
100%
Chiny China
90%
Maroko Morocco
89%
Rumunia Romania
89%
Wyspy Salomona Solomon Islands
89%
Sudan Południowy South Sudan
89%
Fidżi Fiji
88%
Meksyk Mexico
88%
Nikaragua Nicaragua
88%
Portugalia Portugal
86%
Saint Kitts i Nevis Saint Kitts and Nevis
86%
Seszele Seychelles
86%
Turkmenia Turkmenistan
86%
Belgia Belgium
83%
Kanada Canada
83%
Łotwa Latvia
83%
Lesoto Lesotho
80%
Czarnogóra Montenegro
80%
Słowenia Slovenia
80%
Antigua i Barbuda Antigua and Barbuda
75%
Republika Środkowoafrykańska Central African Republic
75%
Erytrea Eritrea
75%
Gruzja Georgia
75%
Gwinea Bissau Guinea-Bissau
75%
Kuwejt Kuwait
75%
Saint Vincent i Grenadyny Saint Vincent and the Grenadines
75%
Surinam Suriname
75%
Jemen Yemen
75%
Timor Wschodni East Timor
67%
Gujana Guyana
67%
Wybrzeże Kości Słoniowej Ivory Coast
67%
Węgry Hungary
50%
Włochy Italy
50%
Mikronezja Micronesia
50%
Paragwaj Paraguay
50%
Wyspy Świętego Tomasza i Książęca São Tomé and Príncipe
50%
Gwinea Równikowa Equatorial Guinea
33%
Salwador El Salvador
25%
Demokratyczna Republika Kongo Democratic Republic of the Congo
0%
Kenia Kenya
0%
No matching quizzes found
Score Distribution
Percent of People with Each Score
Percentile by Number Answered
Your Score History
You have not taken this quiz